000 00428nam a2200169Ia 4500
008 230524s9999 xx 000 0 und d
020 _a9780071699809
082 _bSUB
100 _aK Subramanya
245 0 _aFluid Mechanics and Hydraulic Machines: Problems and Solutions
250 _a3
260 _aNew Delhi
_bTMH
_c2015
300 _a"X,623p;"
500 _aQuantity Number: 1
650 _aMechanics
942 _cBK
999 _c57514
_d57514